000 01004nam a2200265Ia 4500
003 OSt
005 20220923211037.0
006 a|||||r|||| 00| 0
007 ta
008 220922b |||||||| |||| 00| 0 hin d
020 _a8172017650 (hbk)
024 _a234,608
037 _cTextual
040 _aARTS
_cARTS
_bhin
041 _2hin
_ahin
082 _aO157,3N36,1, 152N7
100 _aराय, देवेश; शाह, साधना, अनु.
_9157534
245 0 _aगाथा तिस्ता पार की
246 _aGāthā tistā pār kī
260 _aनई दिल्ली
_b साहित्य अकादमी
_c1997
300 _a780पृ.
_ccm.
490 _aसाहित्य अकादमी पुरस्कार प्राप्त बाड्ला उपन्यास
942 _hO157,3N36,1, 152N7
_cTEXL
_2CC
999 _c294423
_d294423